Представление документа в формате RUSMARC

ПолеНазваниеЗначение
  Тип записи c
  Библиографический уровень m
001 Контрольный номер RU/УОНБ/EK_N/698072629
005 Дата корректировки 20240130235126.2
013 Номер (ISMN) __
d Цена 108 р.
100 Данные общей обработки __
a Данные общей обработки 20220213d2007 u y0rusy0189||||ca
101 Язык документа 0_
a Язык текста rus
f Язык титульного листа rus
102 Страна публикации __
a Страна публикации RU
105 Кодированные данные (монография) __
a Кодированные данные (монография) y###||||000|y
125 Кодированные данные звукозаписи и нотных изданий __
a Форма изложения нотного текста с|
128 Кодированные данные (звукозаписи-физические характеристики) __
a Кодированные данные: Музыкальная форма и тональность или лад zz
c Инструменты или голоса, рекомендуемые для солистов (устаревшее) ka||
c Инструменты или голоса, рекомендуемые для солистов (устаревшее) wa||
c Инструменты или голоса, рекомендуемые для солистов (устаревшее) wb||
c Инструменты или голоса, рекомендуемые для солистов (устаревшее) wd||
200 Заглавие и сведения об ответственности 1_
a Заглавие № 4
b Общее обозначение материала Ноты
e Сведения, относящиеся к заглавию произведения К. Гейста для фп., флейты, гобоя, фагота
210 Выходные данные 1_
d Дата издания 2007
215 Физическое описание __
a Объем 64 с., 3 парт. (7 с., 4 с., 4 с.)
c Иллюстрации/тип воспроизводства портр.
327 Примечание о содержании 11
a Примечание о содержании Содерж. : Произведения для фортепиано : Прелюдия ; Музыкальный момент № 2. - Произведения для флейты и фортепиано : Марийская сюита "Летом" : По утренней зорьке ; Кукушка поет ; Пастух играет на свирели ; В летний вечер. - Произведения для гобоя и фортепиано : Лирические пьесы : Грустная песня ; Народный напев ; Колыбельная ; В старину. - Произведения для фагота и фортепиано : Три пьесы на марийские темы : Тема с вариациями ; Лирическая песня ; Юмореска.
461 Уровень набора _0
1 001RU/УОНБ/EK_N/697912203
1 200
a Нотный альбом
b Ноты
v № 4
1 210
a М.
c Научтехлитиздат
d 2007 -
464 Аналитический уровень _0
1 2001
a Прелюдия
e для фп.
1 700 1
a Гейст
b К.
464 Аналитический уровень _0
1 2001
a По утренней зорьке
e из Марийской сюиты "Летом"
e для флейты и фп.
1 700 1
a Гейст
b К.
1 50010
a Марийская сюита "Летом"
464 Аналитический уровень _0
1 2001
a Грустная песня
e для гобоя и фп.
1 700 1
a Гейст
b К.
1 50010
a Лирические пьесы
464 Аналитический уровень _0
1 2001
a Тема с вариациями
e пьеса на марийские темы
e для фагота и фп.
1 700 1
a Гейст
b К.
464 Аналитический уровень _0
1 2001
a Музыкальный момент № 2
e для фп.
1 700 1
a Гейст
b К.
464 Аналитический уровень _0
1 2001
a Кукушка поет
e из Марийской сюиты "Летом"
e для флейты и фп.
1 700 1
a Гейст
b К.
1 50010
a Марийская сюита "Летом"
464 Аналитический уровень _0
1 2001
a Пастух играет на свирели
e из Марийской сюиты "Летом"
e для флейты и фп.
1 700 1
a Гейст
b К.
1 50010
a Марийская сюита "Летом"
464 Аналитический уровень _0
1 2001
a В летний вечер
e из Марийской сюиты "Летом"
e для флейты и фп.
1 700 1
a Гейст
b К.
1 50010
a Марийская сюита "Летом"
464 Аналитический уровень _0
1 2001
a Народный напев
e для гобоя и фп.
1 700 1
a Гейст
b К.
1 50010
a Лирические пьесы
464 Аналитический уровень _0
1 2001
a В старину
e для гобоя и фп.
1 700 1
a Гейст
b К.
1 50010
a Лирические пьесы
464 Аналитический уровень _0
1 2001
a Колыбельная
e для гобоя и фп.
1 700 1
a Гейст
b К.
1 50010
a Лирические пьесы
464 Аналитический уровень _0
1 2001
a Лирическая песня
e пьеса на марийские темы
e для фагота и фп.
1 700 1
a Гейст
b К.
464 Аналитический уровень _0
1 2001
a Юмореска
e пьеса на марийские темы
e для фагота и фп.
1 700 1
a Гейст
b К.
512 Заглавие обложки 1_
a Заглавие обложки Нотный альбом
600 Персоналии _1
a Персоналии (Фамилия) Гейст, Константин Романович
606 Тематические рубрики 0_
a Основная рубрика Фортепианная музыка
x Основная подрубрика Произведения
606 Тематические рубрики 0_
a Основная рубрика Флейтовая музыка
x Основная подрубрика Произведения
606 Тематические рубрики 0_
a Основная рубрика Гобой
x Основная подрубрика Произведения
606 Тематические рубрики 0_
a Основная рубрика Фагот
x Основная подрубрика Произведения
610 Ключевые слова 0_
a Ключевые слова произведения
610 Ключевые слова 0_
a Ключевые слова фортепиано
610 Ключевые слова 0_
a Ключевые слова флейта
610 Ключевые слова 0_
a Ключевые слова гобой
610 Ключевые слова 0_
a Ключевые слова фагот
610 Ключевые слова 0_
a Ключевые слова Гейст К. Р.
686 Индексы других классификаций __
a Классификационный индекс 85.9я43
2 Код системы ББК
801 Источник записи _0
a Страна RU
b Организация Ульяновская ОНБ
c Дата составления 20220213
g Правила каталогизации RCR
801 Источник записи _1
a Страна RU
b Организация Ульяновская ОНБ
c Дата составления 20220213
g Правила каталогизации RCR
901 Тип документа __
t Тип документа n
w Контрольный № источника RU/УОНБ/EK_N/697912203
909 Создатель записи __
a Создатель записи Грязнова И. Е.
938 Служебная информация __
a Имя БД noti
b Имя библиотеки УОНБ
c Имя АИБС МАРК-SQL
d Номер DOC_ID в БД 25444